000 00438pab a2200169 454500
008 180718b2003 xxu||||| |||| 00| 0 eng d
100 _aYomere, G.O.
245 _aStemming the wave of distress in the Nigerian banking industry
260 _c2003
300 _ap.531-48.
362 _aApr
650 _aBanks - Nigeria
650 _aBanks
700 _aIzedonmi, Prince F.
773 _aIndian Journal of Economics
909 _a57530
999 _c57530
_d57530